|
|
|
|
| LEADER |
00000nas a2200000 a 4500 |
| 001 |
ssj0001314 |
| 003 |
WaSeSS |
| 005 |
20200512172242.0 |
| 006 |
m d |
| 007 |
cr n |
| 008 |
000210c19269999mdumr pss 0 a0eng c |
| 010 |
|
|
|a 00212541
|
| 016 |
7 |
|
|a 020123140
|2 DE-101
|
| 016 |
7 |
|
|a 2004346-6
|2 DE-600
|
| 022 |
|
|
|a 1532-2548
|l 0032-0889
|y 0032-0889
|
| 035 |
|
|
|a (WaSeSS)ssj0001314
|
| 037 |
|
|
|b American Society of Plant Physiologists, 15501 Mononl Drive, Rockville, MD 20855
|
| 040 |
|
|
|a MUS
|b eng
|c MUS
|d EYM
|d NSD
|d OCLCQ
|d HNK
|d MUQ
|d OCLCQ
|d DNB
|d OCLCQ
|d OCL
|d OCLCQ
|d EYM
|d NSD
|d OCLCQ
|d HEBIS
|d SERSO
|d OCLCQ
|d GBVCP
|d OCLCQ
|d OCLCF
|d VT2
|d TXA
|d EUW
|d OCLCQ
|d DEBBG
|d Z5A
|d OCLCO
|d IOG
|d OCLCO
|d OCLCA
|d BUF
|d OCLCO
|d CUY
|d APUMS
|d OCLCO
|d LHU
|d OCLCO
|d AU@
|d OCLCO
|d WYU
|d OCLCO
|d U3W
|d OCLCO
|d OCLCA
|d DKU
|d OCLCO
|d WaSeSS
|
| 042 |
|
|
|a nsdp
|a pcc
|
| 050 |
1 |
4 |
|a QK1
|b .P68
|
| 130 |
0 |
|
|a Plant physiology (Lancaster, Pa. : Online)
|
| 210 |
0 |
|
|a Plant physiol.
|b (Online)
|
| 222 |
|
0 |
|a Plant physiology
|b (Online)
|
| 245 |
1 |
0 |
|a Plant physiology
|h [electronic resource].
|
| 260 |
|
|
|a [Chicago] :
|b American Society of Plant Physiologists,
|c 1926-
|
| 310 |
|
|
|a Monthly
|
| 362 |
0 |
|
|a Vol. 1, no. 1 (Jan. 1926)-
|
| 500 |
|
|
|a Title from cover (JSTOR, viewed Oct. 3, 2008).
|
| 500 |
|
|
|a Place of publication varies.
|
| 500 |
|
|
|a Published by: American Society of Plant Biologists, July 2001-
|
| 506 |
|
|
|a License restrictions may limit access.
|
| 538 |
|
|
|a Mode of access: World Wide Web.
|
| 588 |
|
|
|a Latest issue consulted: Vol. 139, no. 4 (Dec. 2005) (JSTOR, viewed Oct. 9, 2008).
|
| 650 |
|
0 |
|a Plant physiology
|v Periodicals.
|
| 650 |
|
6 |
|a Physiologie végétale
|v Périodiques.
|
| 650 |
|
7 |
|a Plant physiology.
|2 fast
|0 (OCoLC)fst01065616
|
| 650 |
|
2 |
|a Plants.
|
| 650 |
|
2 |
|a Plant Physiological Phenomena.
|
| 655 |
|
0 |
|a Electronic journals.
|
| 710 |
2 |
|
|a American Society of Plant Physiologists.
|
| 710 |
2 |
|
|a American Society of Plant Biologists.
|
| 776 |
0 |
8 |
|i Print version, Jan. 1926-Dec. 2014:
|t Plant physiology (Lancaster, Pa.)
|x 0032-0889
|w (DLC)agr28001636
|w (OCoLC)1642351
|
| 856 |
4 |
0 |
|z Full text available from Research Library: 10/01/1998 to 08/31/2012
|u https://search.proquest.com/publication/40931
|